01756nam a2200277Ia 450000500170000000800370001704100080005408200180006211000360008024501120011625000180022830000540024649000280030052008170032853400320114565000320117765000380120965000450124794200130129226400350130533600270134033700330136733800280140004000350142899900150146320220317001839.0170410s2014 c g 000 0 s aspa04a523.112bD37c2 aDiscovery Communications97787710aColisiones cósmicasbgalaxias = Cosmic collisionsbgalaxiescDiscovery Communicationshvideodisco digital a1a. edición a1 DVD (45 minutos)bsonido, color, digitalc12 cm aDiscovery en la escuela aLa gravedad es la fuerza que lo mueve todo y nuestro universo permanece en constante movimiento gracias a ella, generando que las colisiones cósmicas sean una realidad que no podemos desconocer... las galaxias chocan entre sí, las estrellas chocan con la violencia de varias bombas nucleares dando lugar a la creación de nuevos planetas, asteroides y hoyos negros, pero estas explosiones pueden ser mortales y el riesgo es latente para el mundo como lo conocemos, incluso nuestra propia galaxia marcha hacia un enfrentamiento con su vecino galáctico más cercano: Andrómeda. Galaxias colisiones cósmicas es un viaje a través del espacio reconociendo que las batallas cósmicas entre los cuerpos celestes pueden llevarnos a un cataclismo de proporciones hasta ahora desconocidas por el ser humano tCosmic collisions: galaxies142LEMBaGalaxiasvVideodiscos142LEMBaVía lácteavVideodiscos142LEMBaColisiones espacialesvVideodiscos 2ddccDVD aBogotábMS Tv & Videosc2014 atextobtxt2rdacontent asin mediaciónbn2rdamedia avolumenbnc2rdacarrier aCO-BoRNBPbspaerdacCO-BoRNBP c8294d8294